| 000 | 01375nam a2200361 a 4500 | ||
|---|---|---|---|
| 001 | ebr10579416 | ||
| 003 | CaPaEBR | ||
| 006 | m u | ||
| 007 | cr cn||||||||| | ||
| 008 | 070305r20071969iau s 000 0 eng d | ||
| 010 | _z 2007008842 | ||
| 020 | _z9781587296079 (pbk. alk. paper) | ||
| 020 | _z1587296071 (pbk. alk. paper) | ||
| 020 | _z9781609380106 (e-book) | ||
| 040 |
_aCaPaEBR _cCaPaEBR |
||
| 035 | _a(OCoLC)794701535 | ||
| 050 | 1 | 4 |
_aQH81 _b.H37 2007eb |
| 082 | 0 | 4 |
_a508 _222 |
| 100 | 1 |
_aHay, John, _d1915- |
|
| 245 | 1 | 0 |
_aIn defense of nature _h[electronic resource] / _cby John Hay. |
| 250 | _a1st University of Iowa Press ed. | ||
| 260 |
_aIowa City : _bUniversity of Iowa Press, _c2007. |
||
| 300 | _aviii, 210 p. | ||
| 490 | 1 | _aSightline books : the Iowa series in literary nonfiction | |
| 500 | _aOriginally published: Boston : Little, Brown. 1969. | ||
| 533 |
_aElectronic reproduction. _bPalo Alto, Calif. : _cebrary, _d2011. _nAvailable via World Wide Web. _nAccess may be limited to ebrary affiliated libraries. |
||
| 650 | 0 |
_aNatural history _vOutdoor books. |
|
| 650 | 0 | _aSeashore biology. | |
| 655 | 7 |
_aElectronic books. _2local |
|
| 710 | 2 | _aebrary, Inc. | |
| 830 | 0 | _aSightline books. | |
| 856 | 4 | 0 |
_uhttp://site.ebrary.com/lib/rucke/Doc?id=10579416 _zAn electronic book accessible through the World Wide Web; click to view |
| 999 |
_c188241 _d188241 |
||